| LEADER |
01213nam0a2200241 450 |
| 001 |
16868363 |
| 010 |
|
|
|a 978-2-302-10461-7
|b rel.
|d 11,5
|
| 100 |
|
|
|a 20260529d2026 u u0frey01 ba
|
| 101 |
0 |
|
|a fre
|
| 102 |
|
|
|a FR
|
| 200 |
0 |
|
|a forêt vivante (La)
|f scénario, Frigiel et Jean-Christophe Derrien
|g dessin et couleurs, Arianna Sabella
|
| 207 |
|
1 |
|a
|
| 210 |
|
|
|a Toulon
|c Soleil
|d DL 2025
|
| 215 |
|
|
|a 1 vol. (45 p.)
|c ill. en coul.
|d 30 cm
|
| 225 |
1 |
|
|a Frigiel et Fluffy
|v 19
|
| 330 |
|
|
|a Frigiel et Alice partent récupérer une cargaison de fruits qui est le repas préféré d'une des créatures du zoo d'Ernald. Pour cela, ils pénètrent dans une sombre forêt pour rejoindre le village d'Endless, où certains habitants ont disparu. Que se cache derrière tous ces arbres ? Frigiel et ses amis vont devoir se confronter à un danger mortel, face à un ennemi quasi indestructible.
|
| 461 |
|
0 |
|t Frigiel et Fluffy
|v 19
|
| 700 |
|
0 |
|a Frigiel
|f 1994-....
|4 70
|
| 701 |
|
0 |
|a Derrien
|b Jean-Christophe
|f 1971-....
|4 70
|
| 702 |
|
0 |
|a Sabella
|b Arianna
|4 440
|
| 900 |
|
|
|a Bande Dessinée (enfants)
|
| 901 |
|
|
|a Jeunesse
|
| 995 |
|
|
|a Médiathèque
|c Médiathèque
|f 089021923
|h 089021923
|k BD FRI
|o p
|q j
|r az
|e Médiathèque
|